000 01146nam a2200277Ia 4500
001 ebr10567935
003 CaPaEBR
006 m u
007 cr cn|||||||||
008 111102s2009 dk s 000 0 eng d
020 _z9789289319621
040 _aCaPaEBR
_cCaPaEBR
035 _a(OCoLC)802039271
050 1 4 _aTP360
_b.B47 2009eb
100 1 _aBerglund, Hakan.
245 1 0 _aIncreased biomass harvesting for bioenergy
_h[electronic resource] :
_beffects on biodiversity, landscape amenities and cultural heritage values /
_cErik Framstad (ed.); Hakan Berglund ...[et. al.].
260 _aCopenhagen :
_bNordic Council of Ministers,
_c2009.
300 _a161 p.
533 _aElectronic reproduction.
_bPalo Alto, Calif. :
_cebrary,
_d2013.
_nAvailable via World Wide Web.
_nAccess may be limited to ebrary affiliated libraries.
650 0 _aBiomass energy.
650 0 _aEnergy conversion.
655 7 _aElectronic books.
_2local
700 1 _aFramstad, Erik.
710 2 _aebrary, Inc.
856 4 0 _uhttp://site.ebrary.com/lib/rucke/Doc?id=10567935
_zAn electronic book accessible through the World Wide Web; click to view
999 _c82305
_d82305